LEADER 02798nam a2200349 i 4500 001 991000718209707536 008 060630s2004 enk bu 000 0 eng d 035 $ab13900596-39ule_inst 040 $aDip.to Ingegneria dell'Innovazione$beng 082 0 $a620.82$222 245 00$aForestry machinery - Vibration test code for portable hand-held machines whith internal combustion engine - Vibration at the handles =$bMachines forestières - Code d'essai des vibrations pour machines portatives tenues à la main à moteur à combustion interne - Vibrations au niveau des poignées :$bISO 22867 :2004 /$c[International Organization for Standardization] 246 13$aISO 22867 :2004 246 31$aMachines forestières - Code d'essai des vibrations pour machines portatives tenues à la main à moteur à combustion interne - Vibrations au niveau des poignées 246 30$aVibration test code for portable hand-held machines whith internal combustion engine - Vibration at the handles 246 30$aCode d'essai des vibrations pour machines portatives tenues à la main à moteur à combustion interne - Vibrations au niveau des poignées 260 $aGeneva :$bInternational Organization for Standardization,$c2004 300 $av, 18 p. ;$c30 cm +$e1 enclosure 440 0$aInternational standard ;$vISO 222867: 2004 500 $aPrepared by Technical Committee ISO/TC 23, Tractors and machinery for agriculture and forestry, Subcommittee SC 17, Manually portable foerest machinery 500 $a"Technical Corrigendum 1" (2 p.) inserted 504 $aIncludes bibliographical references 546 $aIn English 650 4$aHuman engineering$xStandards 650 4$aBiomechanics$xStandards 710 2 $aInternational Organization for Standardization.$bTechnical Committee ISO/TC 23, Tractors and machinery for agriculture and forestry.$bSubcommittee SC 17, Manually portable foerest machinery$eauthor$4http://id.loc.gov/vocabulary/relators/aut$0731392 907 $a.b13900596$b02-04-14$c05-05-10 912 $a991000718209707536 945 $aLE026 NOR ISO 22867 2004$g1$i2026000030937$lle026$mATTENZIONE, ricordarsi di scansionare il barcode dell'allegato al momento del prestito e della restituzione dello stesso.$nProf. Messina / Biblioteca$op$pE130.78$q-$rn$s- $t1$u2$v0$w2$x0$y.i15123674$z05-05-10 945 $aLE026$callegato$g1$i2026000030920$lle026$mATTENZIONE, ricordarsi di scansionare il barcode dell'allegato al momento del prestito e della restituzione dello stesso.$o-$pE0.00$q-$rn$s- $t1$u0$v0$w0$x0$y.i15124812$z07-05-10 996 $aForestry machinery - Vibration test code for portable hand-held machines whith internal combustion engine - Vibration at the handles$91440871 997 $aUNISALENTO 998 $ale026$b30-06-06$cm$da $e-$feng$git $h0$i0 LEADER 02295nas 2200457 n 450 001 990008933310403321 005 20240229084541.0 011 $a0223-5188 035 $a000893331 035 $aFED01000893331 035 $a(Aleph)000893331FED01 035 $a000893331 091 $2CNR$aP 00002156 100 $a20090724b19611968km-y0itaa50------ba 101 0 $afre 110 $aauu-------- 200 1 $aBulletin signalétique. CNRS. Section 18: Sciences agricoles, zootechnie, phytiatrie et phytopharmacie, aliments et industries alimentaires 207 1$a1961-1968 210 $aParis$cCNRS 440 0$1001000893348$12001$aBulletin signalétique. CNRS. Section 380: Sciences agricoles, zootechnie, phytiatrie et phytopharmacie, aliments et industries alimentaires 443 0$1001000893315$12001$aBulletin signalétique. CNRS. 2. partie: Sciences biologiques, sciences pharmacologiques, industries alimentaires, agriculture 530 0 $aBulletin signalétique. CNRS. Section 18: Sciences agricoles, zootechnie, phytiatrie et phytopharmacie, aliments et industries alimentaires 675 $a58 675 $a59 675 $a63 675 $a664 676 $a630.2 676 $a664 676 $a011 676 $a615.53 712 02$aCentre national de la recherche scientifique$c 801 0$aIT$bACNP$c20090723 859 4 $uhttp://acnp.cib.unibo.it/cgi-ser/start/it/cnr/dc-p1.tcl?catno=1103&person=false&language=ITALIANO&libr=&libr_th=unina1$zBiblioteche che possiedono il periodico 901 $aSE 912 $a990008933310403321 958 $aBiblioteca. Dipartimento di Strutture, Funzioni e Tecnologie Biologiche dell'Università Federico II$b1961-1968.$fDMVSF 959 $aDMVSF 996 $aBulletin signalétique. CNRS. Section 18: Sciences agricoles, zootechnie, phytiatrie et phytopharmacie, aliments et industries alimentaires$9798143 997 $aUNINA AP1 8 $6866-01$aNA090 Biblioteca. Dipartimento di Strutture, Funzioni e Tecnologie Biologiche dell'Università Federico II$ev. Delpino,1, Napoli (NA)$m(081) 440120$nit AP2 40$aacnp.cib.unibo.it$nACNP Italian Union Catalogue of Serials$uhttp://acnp.cib.unibo.it/cgi-ser/start/it/cnr/df-p.tcl?catno=1103&language=ITALIANO&libr=&person=&B=1&libr_th=unina&proposto=NO